| 000 | 00554nam a22001817a 4500 | ||
|---|---|---|---|
| 003 | 0 | ||
| 005 | 20231211115748.0 | ||
| 008 | 231211b xxu||||| |||| 00| 0 eng d | ||
| 020 | _a971-630-099-9 | ||
| 050 |
_aER _bTu79 1998 |
||
| 082 |
_aER _bTu79 1998 |
||
| 100 | _aJimenez, Gidget R. | ||
| 245 |
_aTubble wubble : the clumsy little turtle _cGidget R. Jimenez |
||
| 260 |
_aMakati City _bTahanan Books for Young Readers _cc1998. |
||
| 300 |
_aunnumbered pages : _bcolored illustrations ; _c21cm. |
||
| 650 | _aChildren's stories. | ||
| 942 |
_2ddc _cBK |
||
| 999 |
_c365741 _d365741 |
||